000 00347 a2200157 4500
001 47304
020 _a9788508131136
040 _cAnchieta - Aquarius
100 _aMachado, Ana Maria
240 1 0 _aAbrindo caminho
_lpor
245 1 0 _aAbrindo caminho
300 _a40p.
362 0 _a2014
650 4 _aLiteratura infanto-juvenil
942 _cBK
999 _c47304
_d47304